Efektívne určovanie približnej polohy užívateľa a jeho blízkosti k referenčným objektom
Salvato in:
| Autore principale: | |
|---|---|
| Altri autori: | |
| Natura: | Manoscritto Libro |
| Lingua: | slovacco |
| Pubblicazione: |
2015
|
| Soggetti: | |
| Accesso online: | http://is.stuba.sk/zp/portal_zp.pl?podrobnosti=97655 |
| Tags: |
Nessun Tag, puoi essere il primo ad aggiungerne!!
|
MARC
| LEADER | 00000ntm a22000003a 4500 | ||
|---|---|---|---|
| 001 | stuzp49469 | ||
| 003 | SK-STU | ||
| 005 | 20160719153303.3 | ||
| 007 | ta | ||
| 008 | 150427s2015----xo-----f-mn---000-0-slo-d | ||
| 040 | |a STU |b slo | ||
| 041 | 0 | |a slo | |
| 100 | 1 | |a Kačur, Jakub |u 035000 |4 aut |U FEI Fakulta elektrotechniky a informatiky |T FEI Ústav informatiky a matematiky |X 53657 |U E050 |Y 816 |7 53657 | |
| 242 | 0 | 1 | |a Effective approximately positioning of a user and his proximity to refrence objects |y eng |
| 245 | 1 | 0 | |a Efektívne určovanie približnej polohy užívateľa a jeho blízkosti k referenčným objektom |
| 260 | |c 2015 | ||
| 300 | |a 44 s., príl. |b CD-ROM | ||
| 650 | 4 | |a android |2 slo | |
| 650 | 4 | |a poloha |2 slo | |
| 650 | 4 | |a referenčné objekty |2 slo | |
| 650 | 4 | |a GPS |2 slo | |
| 650 | 4 | |a určovanie polohy |2 slo | |
| 650 | 4 | |a location |2 eng | |
| 650 | 4 | |a determining location |2 eng | |
| 650 | 4 | |a GPS |2 eng | |
| 650 | 4 | |a references objects |2 eng | |
| 650 | 4 | |a Android |2 eng | |
| 700 | 1 | |a Čavojský, Maroš |4 ths |X 64790 |7 A000064790 | |
| 856 | 4 | |u http://is.stuba.sk/zp/portal_zp.pl?podrobnosti=97655 | |
| 996 | |b 284ER01914 |c E*Bc- 1914 |l EE35 |s P |a 0 |w stuzp49469_0001 | ||
| SQL | |a stuzp49469 |b DBP |c SLO |d Efektívne určovanie približnej polohy užívateľa a jeho blízkosti k referenčným objektom |e 53657 |f Kačur, Jakub |g 035000 |h 64790 |i Čavojský, Maroš |j 20150707 |k 73 |l 03 |m http://is.stuba.sk/zp/portal_zp.pl?podrobnosti=97655 |n B-API |o 9.2.9. aplikovaná informatika | ||